Fámili /

Cualquiera que sacuda las ramas de su árbol genealógico verá caer personajes raros. ¿Quién no tiene acaso un abuelo que encarnó en gato? ¿A quién le falta en la familia una tía capaz de revivir moscas, o un primo víctima de su propia dentadura? Este libro contiene doce historias de parientes que bie...

Descripción completa

Guardado en:
Autor Principal: Wolf, Ema.
Otros Autores: Sanzol, Jorge; il.
Formato: Libro
Idioma:Undetermined
Publicado: Buenos Aires : Sudamericana, 2000.
Edición:6a ed.
Series:Primera
Materias:
Etiquetas: Agregar Etiqueta
Sin Etiquetas, Sea el primero en etiquetar este registro!
LEADER 01519nam a22002655a 4500
001 CEM.cems020322
008 230808s2000####ag############000#0#und#d
005 20240216141815.0
245 1 0 |a Fámili /  |c Ema Wolf ; ilustrado por Jorge Sanzol. 
250 |a 6a ed. 
260 |a Buenos Aires :  |b Sudamericana,  |c 2000. 
300 |a 88 p. 
490 1 |a Primera 
520 |a Cualquiera que sacuda las ramas de su árbol genealógico verá caer personajes raros. ¿Quién no tiene acaso un abuelo que encarnó en gato? ¿A quién le falta en la familia una tía capaz de revivir moscas, o un primo víctima de su propia dentadura? Este libro contiene doce historias de parientes que bien pueden ser los suyos; y si no es así, te los prestamos. 
505 0 |a Pis de gato -- Una artista -- La ruta del chocolate -- El pariente -- Historia del catalejo -- Pamela -- Antepasados sueltos en mi árbol genealógico -- Hormigas y corno -- El caso Vicente -- Moscas resucitadas -- Nuestro canuto -- Otra vez Cleta -- El encarnado 
020 |a 9500705478 
100 1 |a Wolf, Ema. 
700 1 |a Sanzol, Jorge; il. 
653 |a Literatura infantil y juvenil 
653 |a Novela 
653 |a Novela argentina 
859 |a CEMS  |b BIB. CEMS - Inicial y Primaria  |h A863.4  |i W831-3  |k IP  |p 2275  |t Ej.1 
859 |a CEMS  |b BIB. CEMS - Inicial y Primaria  |h A863.4  |i W831-3  |k IP  |p 2276  |t Ej.2 
859 |a CEMS  |b BIB. CEMS - Inicial y Primaria  |h A863.4  |i W831-3  |k IP  |p 2277  |t Ej.3 
859 |a CEMS  |b BIB. CEMS - Inicial y Primaria  |h A863.4  |i W831-3  |k IP  |p 2278  |t Ej.4